000 00546nam a2200181 4500
001 117837
003 ES-MaACL
005 20251015063119.0
007 t|
008 070214s1972 sp r ||||1| spa d
100 1 _aPapini, Giovanni,
_d1881-1956
_988874
245 1 0 _aPalabras y sangre /
_cGiovanni Papini ; traducción de Mario Verdaguer.
260 _aBarcelona :
_bPlaza Janés,
_c1972.
300 _a158 p. ;
_c19 cm.
700 1 _aVerdaguer, Mario.
_9114001
852 _aES-MaACL
_jC-53219
_bR.84241
999 _c117837
_d117837